Estadísticas para Banderas del Mundo

Haz click aquí para tomar la prueba!

Estadísticas generales

  • Esta prueba ha sido tomada 21,824 veces
  • La puntuación promedio es 102 de 196

Estadísticas de respuestas

Answer % Correcto
Estados Unidos
99%
Reino Unido
99%
Canadá
97%
Francia
96%
Australia
95%
Italia
95%
Japón
92%
Rusia
91%
Brasil
91%
Corea del Sur
90%
Irlanda
88%
Nueva Zelanda
88%
China
88%
España
87%
Suecia
86%
Grecia
86%
México
86%
Alemania
86%
Israel
85%
Países Bajos
85%
Argentina
85%
Suiza
85%
Finlandia
82%
Noruega
82%
Uruguay
82%
Jamaica
81%
Turquía
81%
Bélgica
81%
Venezuela
80%
Sudáfrica
79%
India
79%
Dinamarca
77%
Islandia
75%
Arabia Saudita
75%
Polonia
75%
Ciudad del Vaticano
75%
Chile
75%
Cuba
73%
Chipre
73%
Croacia
71%
Albania
70%
Panamá
70%
Egipto
68%
República Dominicana
68%
Portugal
68%
Austria
67%
Colombia
67%
Bulgaria
66%
Vietnam
66%
Costa de Marfil
66%
Perú
66%
Nepal
66%
Corea del Norte
66%
Georgia
65%
Líbano
64%
Hungría
64%
Camerún
64%
Ecuador
64%
República Checa
63%
Irán
62%
Macedonia del Norte
62%
Argelia
62%
Túnez
61%
Honduras
61%
Bangladés
60%
Malasia
60%
Irak
60%
Kenia
60%
San Marino
59%
Malta
59%
Bosnia y Herzegovina
58%
Kosovo
58%
Eslovaquia
58%
Serbia
57%
Barbados
57%
Bután
56%
Eslovenia
56%
Paraguay
55%
El Salvador
55%
Rumania
55%
Pakistán
55%
Siria
54%
Marruecos
54%
Nigeria
53%
Costa Rica
53%
Estonia
52%
Nicaragua
52%
Ucrania
51%
Filipinas
50%
Trinidad y Tobago
49%
Mónaco
49%
Indonesia
49%
Tailandia
49%
Angola
48%
Catar
48%
Singapur
48%
Luxemburgo
47%
Taiwán
46%
Camboya
46%
Haití
45%
Andorra
45%
Guatemala
45%
Kazajistán
45%
Azerbaiyán
45%
Madagascar
45%
Papua Nueva Guinea
45%
Antigua y Barbuda
45%
Bielorrusia
44%
Emiratos Árabes Unidos
44%
Seychelles
43%
República Democrática del Congo
43%
Belice
42%
Palaos
42%
Níger
42%
Sri Lanka
42%
Bahamas
41%
Letonia
40%
Senegal
40%
Afganistán
40%
Uzbekistán
40%
Suazilandia
40%
Liechtenstein
40%
Liberia
40%
Jordania
39%
Ghana
39%
Armenia
39%
Uganda
39%
Tonga
39%
Burkina Faso
39%
Montenegro
39%
Somalia
38%
Myanmar
38%
Moldavia
38%
Kuwait
38%
Gabón
38%
Lituania
38%
Laos
37%
Yemen
37%
Tanzania
37%
Libia
37%
Guyana
36%
Mozambique
36%
Etiopía
36%
Turkmenistán
36%
Omán
36%
Brunéi
36%
Mauritania
35%
Bolivia
35%
Mongolia
35%
Kiribati
35%
Estados Federados de Micronesia
34%
Chad
34%
Malaui
34%
Baréin
34%
Comoras
34%
Maldivas
33%
Islas Marshall
33%
Fiyi
32%
Botsuana
32%
Togo
32%
Dominica
31%
Sudán del Sur
31%
Cabo Verde
31%
Sudán
31%
Zimbabue
31%
Granada
31%
Santa Lucía
30%
República del Congo
30%
Burundi
30%
Surinam
30%
Tayikistán
30%
Eritrea
30%
Guinea Ecuatorial
30%
Malí
29%
Nauru
29%
Ruanda
29%
Kirguistán
28%
República Centroafricana
28%
Timor Oriental
28%
Lesoto
28%
Zambia
28%
Samoa
28%
Mauricio
27%
Namibia
27%
Sierra Leona
27%
Vanuatu
27%
San Cristóbal y Nieves
26%
Yibuti
26%
San Vicente y las Granadinas
26%
Santo Tomé y Príncipe
25%
Guinea
25%
Tuvalu
24%
Benín
24%
Guinea-Bissau
22%
Islas Salomón
21%
Gambia
21%

Distribución de puntuación

Porcentaje por número respondido

Porcentaje de gente con cada puntuación

Historial de tus puntuaciones

No has tomado esta prueba